000 00325nam a2200133Ia 4500
005 20260328104322.0
008 260328s9999||||xx |||||||||||||| ||und||
100 _aLesnikowski, Wojciech
245 0 _aFrench Architecture /
_cWojciech Lesnikowski
260 _bRizzoli
300 _a223 p.
650 _aFRANCIA
942 _cBK
999 _c11395
_d11395